000 00558nam a22001817a 4500
999 _c61753
_d61753
005 20240429105423.0
008 240429s2008 enk||||| |||| 00| 0 eng d
020 _a9780815342908x
041 _aeng
080 _a616-093 J-23
245 _aJaneway's Immunobiology /
_cKen Murphy, Paul Travers, Mark Walport.
250 _aSeventh edition
264 _aNew York:
_bGarland Science,
_c2008.
300 _a887 p. :
_bill.;
_c28 cm.
653 _aიმუნობიოლოგია
653 _aმედიცინა
942 _2udc
_cᲬᲘᲒᲜᲘ